Normal view
MARC view
- SYSTEM INDENTIFICATION
Entry Topical Term
001 - CONTROL NUMBER
- control field: 59685
003 - CONTROL NUMBER IDENTIFIER
- control field: NUST
005 - DATE AND TIME OF LATEST TRANSACTION
- control field: 20210628202403.0
008 - FIXED-LENGTH DATA ELEMENTS
- fixed length control field: 210628|| aca||aabn | a|a d
040 ## - CATALOGING SOURCE
- Original cataloging agency: NUST
- Transcribing agency: NUST
150 ## - HEADING--TOPICAL TERM
- Topical term or geographic name entry element: SYSTEM INDENTIFICATION
670 ## - SOURCE DATA FOUND
- Source citation: Work cat.: (NUST): Pintelon, Rik Schoukens, Johan 59684, System identification a frequency domain approach, 2001
